[Event "American Continental Blitz 18th"]
[Site "Medellin"]
[Date "2024.05.29"]
[Round "5"]
[White "Marrujo Pardo, Mauricio Emmanuel"]
[Black "Wong Pages, Juan Diego"]
[Result "0-1"]
[WhiteElo "2350"]
[BlackElo "2025"]
[PlyCount "116"]
[EventDate "2024.05.29"]
[EventType "swiss (blitz)"]
[EventRounds "9"]
[EventCountry "COL"]
[SourceTitle "CB23_2024"]
[SourceDate "2024.06.05"]
[SourceVersion "1"]
[SourceVersionDate "2024.06.05"]
[SourceQuality "1"]

1. d4 Nf6 2. Bf4 g6 3. Nc3 d5 4. e3 Bg7 5. h4 c5 6. Nb5 Na6 7. c3 Bf5 8. Ne2 h5 9. Ng3 Bg4 10. f3 Bd7 11. a4 0-0 12. Bd3 c4 13. Be2 Qb6 14. b3 Bxb5 15. axb5 Qxb5 16. bxc4 dxc4 17. e4 Qb2 18. Bd2 Qb5 19. 0-0 e5 20. Qa4 Qxa4 21. Rxa4 Nd7 22. d5 Nb6 23. Ra5 Rfc8 24. Be3 Bf8 25. Rfa1 Bc5 26. Nf1 f5 27. exf5 gxf5 28. Bxc5 Rxc5 29. Ne3 f4 30. Rxc5 Nxc5 31. Nxc4 Nxd5 32. Nxe5 Nxc3 33. Bc4+ Kg7 34. Rc1 N3a4 35. Bb5 b6 36. Rc4 Nb2 37. Rxf4 Rd8 38. Rf7+ Kg8 39. Rxa7 Rd5 40. Ng6 Rd1+ 41. Kh2 Rd4 42. Be8 Nc4 43. Ne7+ Kf8 44. Bg6 Nd7 45. Bf5 Kxe7 46. g4 hxg4 47. fxg4 Nce5 48. Kg3 Kf6 49. Bxd7 Nxd7 50. Rc7 Ne5 51. g5+ Kf5 52. Rg7 Rg4+ 53. Kh3 b5 54. Rg8 Ng6 55. Rxg6 Rxh4+ 56. Kxh4 Kxg6 57. Kg4 b4 58. Kf4 b3 0-1

[Event "American Continental Blitz 18th"]
[Site "Medellin"]
[Date "2024.05.29"]
[Round "4"]
[White "Martinez, Walter"]
[Black "Marrujo Pardo, Mauricio Emmanuel"]
[Result "0-1"]
[WhiteElo "1956"]
[BlackElo "2350"]
[PlyCount "102"]
[EventDate "2024.05.29"]
[EventType "swiss (blitz)"]
[EventRounds "9"]
[EventCountry "COL"]
[SourceTitle "CB23_2024"]
[SourceDate "2024.06.05"]
[SourceVersion "1"]
[SourceVersionDate "2024.06.05"]
[SourceQuality "1"]

1. e4 e5 2. Nf3 Nc6 3. Bc4 Nf6 4. d3 h6 5. 0-0 d6 6. h3 g5 7. d4 Bg7 8. dxe5 Nxe5 9. Nxe5 dxe5 10. Qxd8+ Kxd8 11. Bxf7 Ke7 12. Bg6 Be6 13. Nc3 c6 14. Be3 b6 15. Rad1 g4 16. h4 Rhg8 17. h5 Rad8 18. Rxd8 Rxd8 19. Rd1 Rxd1+ 20. Nxd1 Bf7 21. Nc3 Nxh5 22. Bf5 Nf6 23. f4 gxf3 24. gxf3 Ne8 25. f4 h5 26. fxe5 Bxe5 27. Bg5+ Bf6 28. Bxf6+ Kxf6 29. a3 Nd6 30. Bd7 c5 31. Kg2 Ke5 32. Kf3 Bg6 33. Bc6 Nc4 34. Nd1 Nd2+ 35. Ke3 Nxe4 36. b4 Nd6 37. bxc5 bxc5 38. c3 Nc4+ 39. Kf3 Nxa3 40. Ne3 Nb1 41. Nd1 Be4+ 42. Bxe4 Nd2+ 43. Kg2 Nxe4 44. Ne3 Nxc3 45. Nc4+ Kd4 46. Na5 Nb5 47. Kh3 c4 48. Kh4 c3 49. Kxh5 c2 50. Kg5 Kc3 51. Nc6 c1Q+ 0-1

[Event "American Continental Blitz 18th"]
[Site "Medellin"]
[Date "2024.05.29"]
[Round "6"]
[White "Mogollon Tobar, Nicolle Juliet"]
[Black "Marrujo Pardo, Mauricio Emmanuel"]
[Result "0-1"]
[WhiteElo "2063"]
[BlackElo "2350"]
[PlyCount "60"]
[EventDate "2024.05.29"]
[EventType "swiss (blitz)"]
[EventRounds "9"]
[EventCountry "COL"]
[SourceTitle "CB23_2024"]
[SourceDate "2024.06.05"]
[SourceVersion "1"]
[SourceVersionDate "2024.06.05"]
[SourceQuality "1"]

1. e4 e5 2. Nf3 Nc6 3. Bc4 Nf6 4. d3 h6 5. 0-0 d6 6. c3 g5 7. Nbd2 Bg7 8. d4 0-0 9. Re1 g4 10. dxe5 dxe5 11. Nh4 Nxe4 12. Nxe4 Qxh4 13. b4 Bf5 14. b5 Na5 15. Qa4 Nxc4 16. Qxc4 Qe7 17. Be3 Be6 18. Qe2 b6 19. Qd2 Rad8 20. Qc1 f5 21. Bxh6 fxe4 22. Bxg7 Qxg7 23. Rxe4 Bf5 24. Re3 Rd6 25. g3 Rfd8 26. Qe1 Bc2 27. Kg2 Bd1 28. Rxe5 Bf3+ 29. Kg1 Rd1 30. Re8+ Rxe8 0-1

[Event "American Continental 18th"]
[Site "Medellin"]
[Date "2024.05.27"]
[Round "5"]
[White "Marrujo Pardo, Mauricio Emmanuel"]
[Black "Salinas Herrera, Pablo Patricio"]
[Result "1-0"]
[WhiteElo "2350"]
[BlackElo "2485"]
[PlyCount "101"]
[EventDate "2024.05.24"]
[EventType "swiss"]
[EventRounds "11"]
[EventCountry "COL"]
[SourceTitle "CB23_2024"]
[SourceDate "2024.06.05"]
[SourceVersion "1"]
[SourceVersionDate "2024.06.05"]
[SourceQuality "1"]

1. e4 e5 2. Nf3 Nc6 3. Bb5 a6 4. Ba4 Nf6 5. 0-0 Be7 6. Re1 b5 7. Bb3 d6 8. c3 0-0 9. h3 h6 10. d4 Bd7 11. Nbd2 Re8 12. Nf1 a5 13. a3 a4 14. Ba2 Bf8 15. Ng3 Na5 16. Be3 c5 17. Nd2 Nc6 18. d5 Ne7 19. b4 axb3 20. Bxb3 Qa5 21. c4 Reb8 22. Ne2 Ne8 23. cxb5 Bxb5 24. Nc4 Qd8 25. Nc3 Ba6 26. Qc2 Nc8 27. Reb1 Be7 28. Nd1 Na7 29. a4 Bg5 30. Bxg5 hxg5 31. Ndb2 Rb7 32. Nd3 Rab8 33. Rb2 Nf6 34. f3 Nh5 35. Rab1 Nf4 36. Nxf4 gxf4 37. Ba2 Rb4 38. Rxb4 cxb4 39. Qf2 Bxc4 40. Bxc4 Qa5 41. Qa2 b3 42. Rxb3 Qe1+ 43. Kh2 Qg3+ 44. Kg1 Qe1+ 45. Bf1 Rc8 46. Rb7 Qd1 47. Qf2 Rc5 48. Rxa7 g5 49. Rb7 Rc2 50. Qb6 Rc1 51. Qd8+ 1-0

[Event "American Continental 18th"]
[Site "Medellin"]
[Date "2024.05.26"]
[Round "4"]
[White "Garzon Camelo, Andres Santiago"]
[Black "Marrujo Pardo, Mauricio Emmanuel"]
[Result "0-1"]
[WhiteElo "2099"]
[BlackElo "2350"]
[PlyCount "80"]
[EventDate "2024.05.24"]
[EventType "swiss"]
[EventRounds "11"]
[EventCountry "COL"]
[SourceTitle "CB23_2024"]
[SourceDate "2024.06.05"]
[SourceVersion "1"]
[SourceVersionDate "2024.06.05"]
[SourceQuality "1"]

1. e4 e5 2. Nf3 Nc6 3. Bc4 Nf6 4. d3 Bc5 5. c3 d6 6. 0-0 a5 7. Bb3 Ba7 8. Re1 h6 9. Nbd2 Be6 10. Bxe6 fxe6 11. Nf1 0-0 12. d4 Qe8 13. Ng3 Qf7 14. h3 exd4 15. cxd4 d5 16. e5 Nh5 17. Nxh5 Qxh5 18. Be3 Rxf3 19. Qxf3 Qxf3 20. gxf3 Nxd4 21. Bxd4 Bxd4 22. Re2 Rf8 23. Kg2 Rf5 24. Rae1 c5 25. Kg3 g5 26. h4 Kf7 27. hxg5 hxg5 28. a4 c4 29. Kg2 Kg6 30. Kg3 Ba7 31. Kg2 Bb8 32. Re3 Rf7 33. Rc3 Kf5 34. b3 Bxe5 35. Rce3 Bf4 36. Rxe6 c3 37. Re8 Rc7 38. Rd8 c2 39. Rxd5+ Kf6 40. Rxa5 Bd2 0-1

[Event "Mar del Plata op 53rd"]
[Site "Mar del Plata"]
[Date "2024.03.30"]
[Round "9"]
[White "Marrujo Pardo, Mauricio Emmanuel"]
[Black "Leskovar, Mario Leopoldo"]
[Result "1/2-1/2"]
[WhiteElo "2337"]
[BlackElo "2164"]
[PlyCount "151"]
[EventDate "2024.03.23"]
[EventType "swiss"]
[EventRounds "9"]
[EventCountry "ARG"]
[SourceTitle "CB14_2024"]
[SourceDate "2024.04.01"]
[SourceVersion "1"]
[SourceVersionDate "2024.04.01"]
[SourceQuality "1"]

1. e4 g6 2. d4 c6 3. Nc3 d5 4. e5 f6 5. Bf4 Bg7 6. Nf3 Bg4 7. h3 Bxf3 8. Qxf3 fxe5 9. Bxe5 Nf6 10. Qe3 0-0 11. 0-0-0 Nbd7 12. Bd3 Nxe5 13. dxe5 Nd7 14. f4 Qb6 15. Qxb6 axb6 16. g3 b5 17. Kb1 e6 18. h4 b4 19. Ne2 Nc5 20. h5 Nxd3 21. cxd3 Rf7 22. Nd4 Re8 23. hxg6 hxg6 24. Nf3 b6 25. Rh4 Ra7 26. b3 c5 27. Rg4 Kf7 28. Ng5+ Kg8 29. Rc1 Bh6 30. Nf3 Kf7 31. Rh1 Bg7 32. Ng5+ Kg8 33. Nf3 Kf7 34. Rh7 Rea8 35. Ng5+ Kg8 36. Rh2 Re8 37. Nf3 Kf7 38. Nh4 Rh8 39. Rxg6 b5 40. Rg4 c4 41. dxc4 bxc4 42. bxc4 dxc4 43. f5 exf5 44. Rxc4 Bxe5 45. Rf2 Bxg3 46. Rxf5+ Ke6 47. Re4+ Kd6 48. Rd4+ Ke6 49. Re4+ Kd6 50. Nf3 Re7 51. Rf6+ Kd7 52. Rxb4 Rh1+ 53. Kc2 Re2+ 54. Kd3 Rxa2 55. Rb7+ Kc8 56. Rg7 Rd1+ 57. Ke3 Bc7 58. Rf8+ Rd8 59. Rxd8+ Kxd8 60. Ng5 Bb6+ 61. Ke4 Re2+ 62. Kd5 Ba5 63. Ne4 Re1 64. Nc5 Ke8 65. Nb7 Bb4 66. Rg4 Rb1 67. Kc6 Ke7 68. Re4+ Kf6 69. Rc4 Be7 70. Na5 Bd8 71. Nb7 Rb6+ 72. Kd7 Rxb7+ 73. Kxd8 Ra7 74. Rc6+ Kf7 75. Rc7+ Rxc7 76. Kxc7 1/2-1/2

[Event "CHI-ch"]
[Site "Santiago"]
[Date "2024.02.25"]
[Round "10"]
[White "Salinas Herrera, Pablo Patricio"]
[Black "Marrujo Pardo, Mauricio Emmanuel"]
[Result "1/2-1/2"]
[WhiteElo "2483"]
[BlackElo "2285"]
[PlyCount "128"]
[EventDate "2024.02.19"]
[EventType "swiss"]
[EventRounds "11"]
[EventCountry "CHI"]
[SourceTitle "CB09_2024"]
[SourceDate "2024.02.28"]
[SourceVersion "1"]
[SourceVersionDate "2024.02.28"]
[SourceQuality "1"]

1. e4 e5 2. Nf3 Nc6 3. Nc3 Nf6 4. Bb5 Bd6 5. d3 a6 6. Ba4 b5 7. Bb3 Bb7 8. a3 0-0 9. h3 Nd4 10. Ba2 Nxf3+ 11. Qxf3 b4 12. axb4 Bxb4 13. 0-0 Be7 14. Bd2 c6 15. Ne2 d5 16. Bc3 Bd6 17. Ng3 g6 18. Bd2 Kg7 19. Rae1 h6 20. Qd1 Qb6 21. Qc1 Ng8 22. Kh1 Rae8 23. Bb3 Qc7 24. f4 exf4 25. Bxf4 Bxf4 26. Rxf4 f5 27. Ref1 fxe4 28. dxe4 Rxf4 29. Qxf4 Qxf4 30. Rxf4 Nf6 31. exd5 cxd5 32. Kh2 Ne4 33. Nxe4 Rxe4 34. Rf2 a5 35. c3 Re5 36. Bd1 Bc8 37. Bf3 Bf5 38. Rd2 Be4 39. Bxe4 dxe4 40. Kg3 g5 41. Re2 Kf6 42. Kf2 Rb5 43. Ke3 Ke5 44. Rf2 Rd5 45. Rf8 Rd3+ 46. Ke2 Rg3 47. Kf2 Rd3 48. Ra8 Rd2+ 49. Ke3 Rxb2 50. Rxa5+ Kf6 51. g4 Rc2 52. Rc5 Rh2 53. Kxe4 Rxh3 54. Rc6+ Ke7 55. Kf5 h5 56. Kxg5 hxg4 57. Kxg4 Re3 58. Kf4 Re1 59. Rc4 Kd6 60. Re4 Rc1 61. Rd4+ Kc5 62. Rd8 Rxc3 63. Rc8+ Kb4 64. Rxc3 Kxc3 1/2-1/2

[Event "CHI-ch"]
[Site "Santiago"]
[Date "2024.02.24"]
[Round "8"]
[White "Avalos Parra, Joao"]
[Black "Marrujo Pardo, Mauricio Emmanuel"]
[Result "0-1"]
[WhiteElo "2178"]
[BlackElo "2285"]
[PlyCount "38"]
[EventDate "2024.02.19"]
[EventType "swiss"]
[EventRounds "11"]
[EventCountry "CHI"]
[SourceTitle "CB09_2024"]
[SourceDate "2024.02.28"]
[SourceVersion "1"]
[SourceVersionDate "2024.02.28"]
[SourceQuality "1"]

1. d4 Nf6 2. c4 g6 3. Nc3 Bg7 4. Nf3 d6 5. g3 Bf5 6. Bg2 Ne4 7. Nh4 Nxc3 8. bxc3 Bc8 9. 0-0 0-0 10. Rb1 c6 11. Qa4 Nd7 12. Rd1 Qc7 13. e4 c5 14. Bg5 Nb6 15. Qa5 Be6 16. d5 Bg4 17. f3 Bc8 18. Bxe7 Qxe7 19. Rxb6 g5 0-1

[Event "CHI-ch"]
[Site "Santiago"]
[Date "2024.02.22"]
[Round "5"]
[White "Carrasco Miranda, Andres"]
[Black "Marrujo Pardo, Mauricio Emmanuel"]
[Result "1/2-1/2"]
[WhiteElo "2234"]
[BlackElo "2285"]
[PlyCount "35"]
[EventDate "2024.02.19"]
[EventType "swiss"]
[EventRounds "11"]
[EventCountry "CHI"]
[SourceTitle "CB09_2024"]
[SourceDate "2024.02.28"]
[SourceVersion "1"]
[SourceVersionDate "2024.02.28"]
[SourceQuality "1"]

1. c4 e5 2. g3 d5 3. cxd5 Qxd5 4. Nf3 Nc6 5. Nc3 Qd8 6. Bg2 Nf6 7. 0-0 a5 8. e3 Be7 9. d4 exd4 10. Nxd4 Ne5 11. Qc2 c6 12. Rd1 Bg4 13. f3 Bd7 14. f4 Ng6 15. Nf5 0-0 16. h3 Bc5 17. Kh2 Bxf5 18. Qxf5 1/2-1/2

[Event "Mar del Plata op 52nd"]
[Site "Mar del Plata"]
[Date "2023.04.03"]
[Round "4"]
[White "Valerga, Diego"]
[Black "Marrujo Pardo, Mauricio Emmanuel"]
[Result "1-0"]
[WhiteElo "2431"]
[BlackElo "2205"]
[PlyCount "53"]
[EventDate "2023.04.01"]
[EventType "swiss"]
[EventRounds "9"]
[EventCountry "ARG"]
[SourceTitle "CBM 213 Extra"]
[Source "ChessBase"]
[SourceDate "2023.05.31"]
[SourceVersion "1"]
[SourceVersionDate "2023.05.31"]
[SourceQuality "1"]

1. d4 d5 2. c4 dxc4 3. Nf3 Nf6 4. e3 e6 5. Bxc4 c5 6. 0-0 Nc6 7. Qe2 a6 8. Nc3 Be7 9. Rd1 cxd4 10. exd4 0-0 11. d5 exd5 12. Nxd5 Nxd5 13. Bxd5 Qc7 14. Bg5 Bxg5 15. Nxg5 Bf5 16. Rac1 Qa5 17. Qf3 Bg6 18. h4 Rad8 19. Bxc6 Rxd1+ 20. Rxd1 bxc6 21. Qxc6 Qxa2 22. Qb6 Qc4 23. Rd8 f6 24. Qd6 Re8 25. Ne6 h5 26. Rxe8+ Bxe8 27. Qf8+ 1-0

[Event "CHI-ch"]
[Site "Santiago de Chile"]
[Date "2023.02.18"]
[Round "10"]
[White "Salinas Herrera, Pablo Patricio"]
[Black "Marrujo Pardo, Mauricio Emmanuel"]
[Result "1/2-1/2"]
[WhiteElo "2498"]
[BlackElo "2238"]
[PlyCount "23"]
[EventDate "2023.02.11"]
[EventType "tourn"]
[EventRounds "11"]
[EventCountry "CHI"]
[SourceTitle "CBM 212 Extra"]
[Source "ChessBase"]
[SourceDate "2023.03.31"]
[SourceVersion "1"]
[SourceVersionDate "2023.03.31"]
[SourceQuality "1"]

1. Nf3 d5 2. e3 Nf6 3. b3 Bf5 4. Bb2 e6 5. g3 Be7 6. Bg2 h6 7. 0-0 0-0 8. d3 c6 9. Nbd2 a5 10. a4 Na6 11. Ne5 Nb4 12. Kh1 1/2-1/2

[Event "CHI-ch"]
[Site "Santiago de Chile"]
[Date "2023.02.12"]
[Round "2"]
[White "Marrujo Pardo, Mauricio Emmanuel"]
[Black "Rosales Schulz, Robin"]
[Result "1/2-1/2"]
[WhiteElo "2238"]
[BlackElo "2126"]
[PlyCount "67"]
[EventDate "2023.02.11"]
[EventType "tourn"]
[EventRounds "11"]
[EventCountry "CHI"]
[SourceTitle "CBM 212 Extra"]
[Source "ChessBase"]
[SourceDate "2023.03.31"]
[SourceVersion "1"]
[SourceVersionDate "2023.03.31"]
[SourceQuality "1"]

1. e4 c5 2. Nf3 g6 3. c4 Bg7 4. d4 cxd4 5. Nxd4 Nc6 6. Be3 d6 7. Nc3 Nf6 8. Be2 0-0 9. 0-0 Bd7 10. h3 Nxd4 11. Bxd4 Bc6 12. f4 Nd7 13. Bxg7 Kxg7 14. Qd4+ Kg8 15. b4 Qb6 16. Qxb6 Nxb6 17. a4 a5 18. b5 Bd7 19. Nd5 Nxd5 20. cxd5 Rac8 21. Rac1 b6 22. Kf2 Rxc1 23. Rxc1 Rc8 24. Rxc8+ Bxc8 25. g4 Kg7 26. h4 h6 27. Ke3 f6 28. g5 hxg5 29. hxg5 fxg5 30. fxg5 Kf7 31. Kf4 Kg7 32. Bd3 Kf7 33. e5 Kg7 34. Ke4 1/2-1/2

[Event "Arica op 8th"]
[Site "Arica"]
[Date "2022.12.21"]
[Round "9"]
[White "Marrujo Pardo, Mauricio Emmanuel"]
[Black "Chumpitaz Carbajal, Ann"]
[Result "1/2-1/2"]
[WhiteElo "2139"]
[BlackElo "2264"]
[PlyCount "75"]
[EventDate "2022.12.16"]
[EventType "swiss"]
[EventRounds "10"]
[EventCountry "CHI"]
[SourceTitle "CBM 212 Extra"]
[Source "ChessBase"]
[SourceDate "2023.03.31"]
[SourceVersion "1"]
[SourceVersionDate "2023.03.31"]
[SourceQuality "1"]

1. d4 Nf6 2. Bf4 g6 3. Nc3 d5 4. e3 Bg7 5. h4 h5 6. Nf3 Bg4 7. Qd2 c5 8. Ne5 Nc6 9. Bb5 Rc8 10. Nxc6 bxc6 11. Ba6 cxd4 12. exd4 Rb8 13. Bxb8 Qxb8 14. 0-0 0-0 15. Rab1 Bf5 16. g3 Ng4 17. Ne2 e5 18. dxe5 Nxe5 19. Kg2 Qb6 20. Bd3 Nxd3 21. cxd3 Qa6 22. Nf4 Qxa2 23. Ra1 Qxb2 24. Qxb2 Bxb2 25. Rxa7 Be5 26. Rc1 Bxf4 27. gxf4 Bxd3 28. Rxc6 Bf5 29. Rd6 Re8 30. Kg3 Be6 31. Ra3 Kg7 32. Re3 Rc8 33. Re5 Rc3+ 34. Re3 Rc7 35. Kf3 Kf6 36. Re5 Rc5 37. Rb6 Rc3+ 38. Re3 1/2-1/2

[Event "Arica op 8th"]
[Site "Arica"]
[Date "2022.12.19"]
[Round "6"]
[White "Obregon, Carlos Andres"]
[Black "Marrujo Pardo, Mauricio Emmanuel"]
[Result "1/2-1/2"]
[WhiteElo "2508"]
[BlackElo "2139"]
[PlyCount "39"]
[EventDate "2022.12.16"]
[EventType "swiss"]
[EventRounds "10"]
[EventCountry "CHI"]
[SourceTitle "CBM 212 Extra"]
[Source "ChessBase"]
[SourceDate "2023.03.31"]
[SourceVersion "1"]
[SourceVersionDate "2023.03.31"]
[SourceQuality "1"]

1. Nf3 Nf6 2. c4 e6 3. e3 d5 4. Nc3 dxc4 5. Bxc4 a6 6. d4 c5 7. 0-0 Nc6 8. a3 b5 9. Ba2 Be7 10. dxc5 Bxc5 11. Qc2 Qb6 12. Bd2 Bb7 13. Rac1 Be7 14. e4 Rc8 15. Be3 Qa5 16. Bb1 Ng4 17. Bf4 Bf6 18. Bd6 Qb6 19. Bg3 Nge5 20. Nxe5 1/2-1/2

[Event "Arica op 8th"]
[Site "Arica"]
[Date "2022.12.18"]
[Round "5"]
[White "Marrujo Pardo, Mauricio Emmanuel"]
[Black "Coro, Lucas"]
[Result "1-0"]
[WhiteElo "2139"]
[BlackElo "2310"]
[PlyCount "83"]
[EventDate "2022.12.16"]
[EventType "swiss"]
[EventRounds "10"]
[EventCountry "CHI"]
[SourceTitle "CBM 212 Extra"]
[Source "ChessBase"]
[SourceDate "2023.03.31"]
[SourceVersion "1"]
[SourceVersionDate "2023.03.31"]
[SourceQuality "1"]

1. e4 c5 2. Nf3 Nc6 3. d4 cxd4 4. Nxd4 Nf6 5. Nc3 e5 6. Ndb5 d6 7. Bg5 a6 8. Na3 b5 9. Nd5 Be7 10. Bxf6 Bxf6 11. c3 0-0 12. Nc2 Rb8 13. a4 bxa4 14. Ncb4 Nxb4 15. cxb4 Bg5 16. Rxa4 a5 17. h4 Bh6 18. b5 Kh8 19. Be2 Be6 20. g3 Rc8 21. Rc4 f5 22. exf5 Rxc4 23. Bxc4 Bxf5 24. 0-0 Qc8 25. b3 Bg4 26. Nb6 Qd8 27. Qxg4 Qxb6 28. Qe4 Qc5 29. h5 Qb4 30. Ra1 Bd2 31. Rd1 Bc3 32. Rd3 d5 33. Qxd5 Bd4 34. Rf3 Qe7 35. Kg2 Rd8 36. Qe4 Qg5 37. Rf5 Qd2 38. Qf3 Qb4 39. h6 gxh6 40. Rf7 e4 41. Qf5 Bg7 42. Rxg7 1-0

[Event "Vicente Lopez ProAm 100 Years op"]
[Site "Buenos Aires"]
[Date "2022.10.18"]
[Round "9"]
[White "Belmonte, Diego Mariano"]
[Black "Marrujo Pardo, Mauricio Emmanuel"]
[Result "1-0"]
[WhiteElo "2344"]
[BlackElo "2143"]
[PlyCount "85"]
[EventDate "2022.10.11"]
[EventType "swiss"]
[EventRounds "9"]
[EventCountry "ARG"]
[SourceTitle "CBM 210 Extra"]
[Source "ChessBase"]
[SourceDate "2022.11.30"]
[SourceVersion "1"]
[SourceVersionDate "2022.11.30"]
[SourceQuality "1"]

1. d4 d5 2. c4 dxc4 3. e4 e5 4. Nf3 exd4 5. Bxc4 Nc6 6. 0-0 Bc5 7. Qb3 Be6 8. Bxe6 fxe6 9. Qxb7 Nge7 10. Ng5 Rb8 11. Qa6 Qd6 12. Qc4 Nd8 13. Nd2 Rb4 14. Qd3 h6 15. Ngf3 Nec6 16. a3 Rb8 17. b4 Bb6 18. Nc4 Qd7 19. Nce5 Nxe5 20. Nxe5 Qd6 21. Ng6 Rg8 22. Bf4 Qc6 23. Rac1 Qa4 24. Bxc7 Rb7 25. Bxb6 axb6 26. Qxd4 Qxa3 27. Rfd1 Qa8 28. Qd6 Kf7 29. Ne5+ Kf6 30. Rd3 g6 31. Qd4 Ke7 32. Qd6+ Kf6 33. Ng4+ Kg7 34. Qe5+ Kf8 35. Qf6+ Ke8 36. Rcd1 Nf7 37. Qxe6+ Re7 38. Nf6+ Kf8 39. Rd8+ Kg7 40. Rxg8+ Qxg8 41. Qxe7 Qc8 42. Ne8+ Kg8 43. Qxf7+ 1-0

[Event "Vicente Lopez ProAm 100 Years op"]
[Site "Buenos Aires"]
[Date "2022.10.16"]
[Round "7"]
[White "Marrujo Pardo, Mauricio Emmanuel"]
[Black "Koch, Juan Enrique"]
[Result "1-0"]
[WhiteElo "2143"]
[BlackElo "1933"]
[PlyCount "113"]
[EventDate "2022.10.11"]
[EventType "swiss"]
[EventRounds "9"]
[EventCountry "ARG"]
[SourceTitle "CBM 210 Extra"]
[Source "ChessBase"]
[SourceDate "2022.11.30"]
[SourceVersion "1"]
[SourceVersionDate "2022.11.30"]
[SourceQuality "1"]

1. e4 e5 2. Nf3 Nc6 3. Bc4 Nf6 4. d3 h6 5. c3 d6 6. Bb3 g5 7. 0-0 Bg7 8. Nbd2 0-0 9. a4 Ne7 10. Re1 Ng6 11. Nf1 Re8 12. Ng3 c6 13. d4 Bg4 14. h3 Bd7 15. Nf5 Bxf5 16. exf5 Nh4 17. Nxh4 gxh4 18. Be3 Nd5 19. Bxd5 cxd5 20. Qb3 Qf6 21. Qxd5 Qxf5 22. Qxd6 Rad8 23. Qc5 b6 24. Qb5 Re6 25. dxe5 Rg6 26. e6 Qxe6 27. Kh1 Qe4 28. f3 Qc2 29. Re2 Rd1+ 30. Rxd1 Qxd1+ 31. Bg1 Bf8 32. b4 Kg7 33. Qe5+ Kg8 34. Qe8 Kg7 35. Qe4 Re6 36. Qd4+ Qxd4 37. Bxd4+ Kg6 38. Rxe6+ fxe6 39. Kg1 Kf5 40. Kf2 e5 41. Be3 e4 42. Ke2 h5 43. Bf2 Be7 44. a5 bxa5 45. bxa5 a6 46. Bb6 Kf4 47. Bc7+ Kf5 48. c4 Bc5 49. Bb6 Be7 50. Ke3 Bg5+ 51. Ke2 Ke5 52. Be3 Bd8 53. f4+ Kf5 54. Bb6 Be7 55. c5 Ke6 56. c6 Kd6 57. Bc5+ 1-0

[Event "Vicente Lopez ProAm 100 Years op"]
[Site "Buenos Aires"]
[Date "2022.10.11"]
[Round "1"]
[White "Marrujo Pardo, Mauricio Emmanuel"]
[Black "Mayeregger Gonzalez, Fiorella Allegra"]
[Result "1-0"]
[WhiteElo "2143"]
[BlackElo "1367"]
[PlyCount "65"]
[EventDate "2022.10.11"]
[EventType "swiss"]
[EventRounds "9"]
[EventCountry "ARG"]
[SourceTitle "CBM 210 Extra"]
[Source "ChessBase"]
[SourceDate "2022.11.30"]
[SourceVersion "1"]
[SourceVersionDate "2022.11.30"]
[SourceQuality "1"]

1. e4 c5 2. Nf3 e6 3. d4 cxd4 4. Nxd4 Nc6 5. Nc3 a6 6. a3 Qc7 7. g3 Nf6 8. Bg2 Be7 9. 0-0 0-0 10. Be3 d6 11. f4 e5 12. Nb3 b5 13. Nd5 Nxd5 14. exd5 Na5 15. Nxa5 exf4 16. Bd2 fxg3 17. hxg3 Bf6 18. Rb1 Be5 19. Nc6 Bb7 20. Nxe5 dxe5 21. Be3 Rad8 22. Be4 g6 23. Bh6 Qc5+ 24. Kh1 Rfe8 25. b4 Qd6 26. Bg5 Rd7 27. Rf6 Qc7 28. Qf3 Kg7 29. Rf1 h6 30. Rxg6+ fxg6 31. Qf6+ Kg8 32. Qxg6+ Kh8 33. Bf6+ 1-0

[Event "Pan American-ch U12"]
[Site "Montevideo"]
[Date "2022.06.26"]
[Round "1"]
[White "Cortez Vilca, Tomas"]
[Black "Marrujo Pardo, Mauricio Emmanuel"]
[Result "0-1"]
[WhiteElo "1275"]
[BlackElo "2049"]
[PlyCount "84"]
[EventDate "2022.06.26"]
[EventType "swiss"]
[EventRounds "9"]
[EventCountry "URU"]
[SourceTitle "EXT 2023"]
[Source "ChessBase"]
[SourceDate "2022.10.05"]
[SourceVersion "1"]
[SourceVersionDate "2022.10.05"]
[SourceQuality "1"]

1. c4 e5 2. g3 Nf6 3. Bg2 g6 4. e4 Nc6 5. Nc3 Bg7 6. Nge2 d6 7. d3 0-0 8. 0-0 Nh5 9. f4 f5 10. fxe5 dxe5 11. Nd5 fxe4 12. dxe4 Bg4 13. Be3 Nd4 14. Bxd4 exd4 15. Qd3 c6 16. Ndf4 Qb6 17. b3 g5 18. h3 Nxf4 19. Nxf4 gxf4 20. hxg4 fxg3 21. Rad1 Be5 22. Qd2 Qd8 23. Rxf8+ Qxf8 24. Rf1 Qe7 25. Rf5 Rf8 26. Qg5+ Qxg5 27. Rxg5+ Bg7 28. Rf5 d3 29. Rxf8+ Kxf8 30. Bf3 h6 31. Kg2 Be5 32. Bd1 Ke7 33. Bf3 Kf6 34. Bd1 Kg5 35. Kf3 Kh4 36. Kg2 c5 37. b4 cxb4 38. Bb3 Kxg4 39. Bd1+ Kf4 40. Kf1 Ke3 41. c5 Kd2 42. Bb3 Kc3 0-1

[Event "Arica op 7th"]
[Site "Arica"]
[Date "2021.12.12"]
[Round "1"]
[White "Abarca Gonzalez, Nicolas"]
[Black "Marrujo Pardo, Mauricio Emmanuel"]
[Result "0-1"]
[WhiteElo "2413"]
[BlackElo "1846"]
[PlyCount "24"]
[EventDate "2021.12.12"]
[EventType "swiss"]
[EventRounds "10"]
[EventCountry "CHI"]
[SourceTitle "CBM 205 Extra"]
[Source "ChessBase"]
[SourceDate "2022.01.31"]
[SourceVersion "1"]
[SourceVersionDate "2022.01.31"]
[SourceQuality "1"]

1. e4 e5 2. Nf3 Nc6 3. Bc4 Bc5 4. d4 Bxd4 5. Nxd4 exd4 6. 0-0 Nge7 7. f4 0-0 8. Na3 d6 9. f5 d5 10. exd5 Nxf5 11. Qe1 Qd6 12. g4 Qg6 0-1

[Event "Valdivia op 2nd"]
[Site "Valdivia"]
[Date "2021.09.17"]
[Round "2"]
[White "Marrujo Pardo, Mauricio Emmanuel"]
[Black "Hurtado Bahamonde, Rodrigo And"]
[Result "1-0"]
[WhiteElo "1969"]
[BlackElo "2139"]
[PlyCount "54"]
[EventDate "2021.09.16"]
[EventType "swiss"]
[EventRounds "6"]
[EventCountry "CHI"]
[SourceTitle "CBM 204 Extra"]
[Source "ChessBase"]
[SourceDate "2021.11.30"]
[SourceVersion "1"]
[SourceVersionDate "2021.11.30"]
[SourceQuality "1"]

1. e4 c5 2. Nf3 Nc6 3. d4 cxd4 4. Nxd4 Nf6 5. Nc3 e5 6. Ndb5 d6 7. Bg5 a6 8. Na3 b5 9. Nd5 Be7 10. Bxf6 Bxf6 11. c3 Ne7 12. Nc2 Bb7 13. Nce3 Bg5 14. Nxe7 Bxe7 15. Nd5 0-0 16. Be2 f5 17. Bf3 f4 18. Qd2 Kh8 19. Rd1 Bxd5 20. Qxd5 Qb6 21. 0-0 b4 22. c4 b3 23. a3 a5 24. Rd3 a4 25. Qe6 Rfe8 26. Bh5 Rf8 27. c5 Qc7 1-0